Cuộc đời hai mặt của Hillary Clinton /
محفوظ في:
| المؤلف الرئيسي: | |
|---|---|
| مؤلفون آخرون: | |
| التنسيق: | Sách giấy |
| اللغة: | Vietnamese |
| منشور في: |
H. :
Công an Nhân dân,
2003
|
| الموضوعات: | |
| الوسوم: |
إضافة وسم
لا توجد وسوم, كن أول من يضع وسما على هذه التسجيلة!
|
| Thư viện lưu trữ: | Thư viện Trường Đại học Đà Lạt |
|---|
| LEADER | 00729nam a2200289 4500 | ||
|---|---|---|---|
| 001 | DLU040027556 | ||
| 005 | ##20040427 | ||
| 040 | # | # | |a DLU |b vie |
| 041 | # | # | |a vie |
| 044 | # | # | |a vn |
| 082 | # | # | |a 923.2 |b OC-C |
| 100 | # | # | |a Ockrent, Christine |
| 245 | # | # | |a Cuộc đời hai mặt của Hillary Clinton / |c Christine Ockrent; Bùi Mộng Liễn dịch |
| 260 | # | # | |a H. : |b Công an Nhân dân, |c 2003 |
| 300 | # | # | |a 239 tr. ; |c 19 cm |
| 600 | # | # | |a Clinton, Hallary |
| 700 | # | # | |a Bùi Mộng Liễn |e dịch |
| 923 | # | # | |a 10/2004 |
| 992 | # | # | |a 25000 |
| 994 | # | # | |a DLU |
| 900 | # | # | |a True |
| 911 | # | # | |a Đào Thị Thu Huyền |
| 925 | # | # | |a G |
| 926 | # | # | |a A |
| 927 | # | # | |a SH |
| 980 | # | # | |a Thư viện Trường Đại học Đà Lạt |